| 000 | 01410nab a22002897a 4500 | ||
|---|---|---|---|
| 999 |
_c5701 _d5701 |
||
| 003 | OSt | ||
| 005 | 20251229120608.0 | ||
| 008 | 190429b xxu||||| |||| 00| 0 spa d | ||
| 040 | _cPJ | ||
| 100 |
_96634 _aDeligiannis, Natasha |
||
| 245 | 1 | 3 |
_aEl triage informático y su interacción con la plain view doctrine. La tensión entre la eficacia de la investigación y el respeto a las garantías /
_cNatasha Deligiannis. |
| 260 |
_cCiudad Autónoma de Buenos Aires : _aThomson Reuters La Ley, _b2025. |
||
| 300 | _ap. 141-147 | ||
| 500 | _aCita: TR LALEY AR/DOC/2193/2025. | ||
| 505 | _aSumario: I. Introducción.— II. La plain view doctrine en el ámbito digital.— III. La técnica de triage informático en casos penales.— IV. El supuesto de los allanamientos en estudios jurídicos.— V. Conclusiones. | ||
| 505 | _tSi te interesa el texto completo, solicitalo a koha@justierradelfuego.gov.ar | ||
| 650 | 0 |
_9343 _aDERECHO PENAL |
|
| 650 | 0 |
_9278 _aDELITOS INFORMATICOS |
|
| 650 | 0 |
_91975 _aPRUEBA |
|
| 650 | 0 |
_93405 _aEVIDENCIA DIGITAL |
|
| 650 | 0 |
_9179 _aGARANTIAS CONSTITUCIONALES › |
|
| 650 | 0 |
_92724 _aDERECHO A LA INTIMIDAD |
|
| 650 | 0 |
_93140 _aSECRETO PROFESIONAL |
|
| 650 | 0 | _aESTUDIO JURIDICO | |
| 773 | 0 |
_02658 _93164 _tRevista de derecho penal y criminología. Nº 8 - Octubre 2025 _dCiudad Autónoma de Buenos Aires : Thomson Reuters La Ley, 2017- _x00347914 |
|
| 942 |
_2udc _cANA |
||